000 00215nam a2200097Ia 4500
005 20251222114339.0
008 251222s1900||||xx |||||||||||||| ||spa||
082 _aDVD0060/C72/2015
245 0 _aAsu mare! 2:
942 _cDVD
999 _c801
_d801